Hebrew origins /

محفوظ في:

المؤلف الرئيسي: Meek, Theophile James, 1881-1966 (مؤلف)

التنسيق: كتاب

اللغة: English

منشور في: New York : Harper, [1960].

الطبعة: Revision Edtion.

سلاسل: Harper torchbooks. Cloister library ; TB69.

الموضوعات:

الوسوم: إضافة وسم

لا توجد وسوم, كن أول من يضع وسما على هذه التسجيلة!

رقم الطلب: BM165 .M4 1960

LEADER 00929nam a2200313I 4500
001 3804
003 OSt
005 20251013111818.0
008 130303q1960 nyu 000 0 eng d
010 |a 60003551 
015 |a GB61-5216 
029 1 |a UKM  |b b6105216 
035 |a ocm00575315 
040 |c ARCE Library 
050 4 |a BM165 .M4 1960 
100 1 |a Meek, Theophile James,  |d 1881-1966,  |e author 
245 1 0 |a Hebrew origins /  |c Theophile James Meek. 
250 |a Revision Edtion. 
264 1 |a New York :  |b Harper,  |c [1960]. 
300 |a 240 pages ;   |c 21 cm. 
490 1 |a Harper torchbooks. The Cloister library,  |v TB69 
500 |a "Includes corrections and changes to the rev. ed. Cf. pref". 
650 0 |a Jews  |x Civilization. 
650 0 |a Jews  |x Origin. 
650 0 |a Judaism  |x History  |y To 70 A.D. 
830 0 |a Harper torchbooks.  |p Cloister library ;  |v TB69. 
901 |a reviewed 
942 |c BK  |2 lcc 
999 |c 3065  |d 3065